00409nam a2200169Ia 4500003000400000005001700004008004100021020001500062050002300077100001900100245003400119260003500153300002800188440000600216521000800222526000900230OSt20140312084237.0140130s9999 xx 000 0 und d a0439314577 aAG 243b.P243 2001 aPackard, Mary  aCreepy Stuff /cMary Packard. bScholastic,c2001.aNew York : a87 p. :bill. ;c18 cm. v1 aG12 c1100